La enseñanza militar ilustrada : (Record n. 33153)

Dettagli MARC
000 -LEADER
fixed length control field 00950nam a2200241 i 4500
003 - CONTROL NUMBER IDENTIFIER
control field IT-RoINE
005 - DATE AND TIME OF LATEST TRANSACTION
control field 20201028102056.0
008 - FIXED-LENGTH DATA ELEMENTS--GENERAL INFORMATION
fixed length control field 910909s1990 sp a r |||| ||spa d
020 ## - INTERNATIONAL STANDARD BOOK NUMBER
International Standard Book Number 8460073858
040 ## - CATALOGING SOURCE
Original cataloging agency SpMaBN
Language of cataloging spa
Transcribing agency SpMaBN IT-RoINE
Description conventions rdc
Modifying agency IT-RoINE
100 1# - MAIN ENTRY--PERSONAL NAME
9 (RLIN) 65268
Personal name Herrero Fernández-Quesada, María Dolores
245 13 - TITLE STATEMENT
Title La enseñanza militar ilustrada :
Remainder of title el Real Colegio de Artillería de Segovia /
Statement of responsibility, etc María Dolores Herrero Fernández-Quesada.
260 ## - PUBLICATION, DISTRIBUTION, ETC. (IMPRINT)
Place of publication, distribution, etc Segovia :
Name of publisher, distributor, etc Academia de Artillería,
Date of publication, distribution, etc 1990.
300 ## - PHYSICAL DESCRIPTION
Extent 249 p. :
Other physical details il. ;
Dimensions 22 cm.
336 ## - CONTENT TYPE
Source rdacontent
Content type term text
337 ## - MEDIA TYPE
Source rdamedia
Media type term unmediated
338 ## - CARRIER TYPE
Source rdacarrier
Carrier type term volume
490 1# - SERIES STATEMENT
Series statement Biblioteca de ciencia y artillería.
-- Estudios ;
Volume number/sequential designation 2
504 ## - BIBLIOGRAPHY, ETC. NOTE
Bibliography, etc Bibliografía: p. [233]-249.
610 24 - SUBJECT ADDED ENTRY--CORPORATE NAME
9 (RLIN) 12762
Corporate name or jurisdiction name as entry element Academia de Artillería (Segovia, España)
General subdivision Historia
Chronological subdivision Siglo 18o.
830 #0 - SERIES ADDED ENTRY--UNIFORM TITLE
Uniform title Biblioteca de ciencia y artillería.
Name of part/section of a work Estudios ;
9 (RLIN) 65270
Volume number/sequential designation 2
942 ## - ADDED ENTRY ELEMENTS (KOHA)
Item type Monografías
Dati di copia
Withdrawn status Lost status Damaged status Not for loan Home library Current library Date acquired Total Checkouts Full call number Barcode Date last seen Price effective from Koha item type
        Iglesia Nacional Española en Roma Iglesia Nacional Española en Roma 10/12/2019   HIS.ESP.3. 481 60467 10/12/2019 10/12/2019 Monografías